000 00674nam a22002297a 4500
008 131126b xxu||||| |||| 00| 0 eng d
020 _a0-8027-0315-1
024 _cAvailable
037 _cAvailable
040 _aMBSTU LIBRARY
_dMBSTU LIBRARY
082 _222
_a304.2 LAW
100 _aEdited Malcolm Boldwin.
245 _aLaw and the environment.
260 _aNew York
_bWalker and Company.
_c1970
300 _a26 cm.
_b432 page
_f1
_g26 cm.
600 _2Human ecology.
650 _2Human ecology.
700 _aEdited Malcolm Boldwin.
270 _aNew York
_bNew York
_dUSA
942 _2ddc
_cBK
999 _c882
_d882